| 000 | 00734nam a2200229 a 4500 | ||
|---|---|---|---|
| 001 | 13918 | ||
| 003 | BD-JhCC | ||
| 005 | 20240515095846.0 | ||
| 008 | 240515b2022 b a|||| ||a| 000 0 b d | ||
| 020 | _a9789849687115 | ||
| 035 | _a(BD-JhCC)13918 | ||
| 040 |
_aBD-JhCC _dBD-JhCC |
||
| 041 | _abengali | ||
| 082 |
_a891.4435 _bOPE 2022 |
||
| 245 |
_aঅপারেশন সুন্দরবন : _bপর্দায় না-বলা গল্প / _c সম্পা: খায়রুল বাবুই । |
||
| 260 |
_aঢাকা: _bকবি; _c2022. |
||
| 300 |
_a88 p. : _bill; _c22 cm. |
||
| 650 | _aBengali Short Sotreis. | ||
| 700 | _aবাবুই,খায়রুল | ||
| 942 |
_2ddc _cBK |
||
| 999 |
_c13918 _d13918 |
||